Los escritores franceses de hoy

محفوظ في:
التفاصيل البيبلوغرافية
المؤلف الرئيسي: Boisdeffre, Pierre de
التنسيق: كتاب
اللغة:Undetermined
منشور في: Madrid, España Gredos 1970
الموضوعات:
الوسوم: إضافة وسم
لا توجد وسوم, كن أول من يضع وسما على هذه التسجيلة!

MARC

LEADER 00000nam a2200000Ia 4500
008 170316s9999 xx 000 0 und d
040 |a cru BVZT 
090 |a C-840 B-6e 
100 |a Boisdeffre, Pierre de 
245 |a Los escritores franceses de hoy 
260 |a Madrid, España 
260 |b Gredos 
260 |c 1970 
300 |a 167 páginas 
650 |a LITERATURA FRANCESA 
650 |a CRÍTICA 
999 |c 12951  |d 12951 
942 |c 15 D  |h C-840 B-6e  |2 z